000 00507nam a22001937a 4500
003 LK-CoDNM
005 20250121123220.0
008 250121b |||||||| |||| 00| 0 eng d
040 _aLK-CoDNM
_dLK-CoDNM
_eLK-CoDNM
041 _aeng
080 _a9
_bFF1
100 _aOsborn, Fairfield, Henry
245 _aMemories of the American Museum of Natural History
246 _aiii. The Extinct Rhinoceroses
300 _a164p. : ill , 36 cm
490 _vvolume i
650 _aScience
942 _cBK
999 _c237131
_d237131